Plain talk about real Christians. (Record no. 12613)

000 -LEADER
fixed length control field 00650nam a2200193 a 4500
001 - CONTROL NUMBER
control field :::00010421$&:&@@
003 - CONTROL NUMBER IDENTIFIER
control field OkBaRHE
005 - DATE AND TIME OF LATEST TRANSACTION
control field 20000607103358.0
008 - FIXED-LENGTH DATA ELEMENTS--GENERAL INFORMATION
fixed length control field s1972 j 000 0 eng u
040 ## - CATALOGING SOURCE
Transcribing agency
100 1# - MAIN ENTRY--PERSONAL NAME
Personal name Gutzke, Manford George.
245 10 - TITLE STATEMENT
Title Plain talk about real Christians.
260 ## - PUBLICATION, DISTRIBUTION, ETC. (IMPRINT)
Place of publication, distribution, etc Grand Rapids, MI., :
Name of publisher, distributor, etc Baker Book House
Date of publication, distribution, etc c1972
300 ## - PHYSICAL DESCRIPTION
Extent 118 p. ;
Dimensions 19 cm.
650 ## - SUBJECT ADDED ENTRY--TOPICAL TERM
Topical term or geographic name as entry element Christian Life
942 ## - ADDED ENTRY ELEMENTS (KOHA)
Source of classification or shelving scheme
Koha item type Books
Copies
Copy number Permanent Location Koha item type Withdrawn status Lost status Full call number Not for loan Price effective from Date last seen Shelving location Current Location Source of classification or shelving scheme Date acquired Damaged status Barcode
1RHEMA Bible Training CollegeBooks  BV 4501 .G9 2010-04-142010-04-14General Stacks  2010-04-14 10421
2RHEMA Bible Training CollegeBooks Long Overdue (Lost)BV 4501 .G9 2010-04-142012-02-10General StacksRHEMA Bible Training College 2010-04-14 15264